Responses for show #3151 - Monday, April 20, 1998

Contestants

[<< previous game]

Theresa Muir, a musicologist from Brooklyn, New York

Bill Barnett, an academic record keeper from Westminster, Maryland

Kathy Hennington, a banking vice president from Decatur, Georgia (whose 1-day cash winnings total $9,700)

[next game >>]

Jeopardy! Round responses

MEN OF LETTERS
(Alex: All of them are authors--I will give you the first names; you come up with the author's last name.)
MUSIC POTPOURRI
SET 'EM UP, JOE
WILD GOOSE CHASES
WOMEN ON TELEVISION
WE THE "PEOPLE"
    $100 7
Salinger

Bill
    $100 2
Handel

Bill
    $100 16
Betsy Ross

Bill
    $100 26
the Fountain of Youth

Bill
    $100 13
3rd Rock from the Sun

Kathy
    $100 1
the luckiest people in the world

Theresa
    $200 8
Cummings

Theresa
    $200 3
the neck

Bill
    $200 17
rum

Bill
    $200 27
the Holy Grail

Theresa
    $200 14
Jennifer Aniston

Bill
    $200 12
(Bill: What are the Emmys?)
(Kathy: What are the Golden Globes?)
...
(Alex: Yes, Theresa remembered the category!)
[Laughter]

the People's Choice Awards

KathyBillTheresa
    $300 9
Lawrence

Bill
    $300 4
fortissimo

Kathy
    $1,000 18
(Alex: Yes. Liam starred as [*] in the film, and that's why Joe celebrates his birthday!)

a Rob Roy

Bill
    $300 28
Atlantis

Bill
    $300 15
Sabrina

Theresa
    $300 21
the Chosen People

Theresa
    $400 10
Auden

Bill
    $400 5
the Vienna Boys' Choir

Bill
    $400 19
tequila

Kathy
    $400 29
the Northwest Passage

Bill
    $400 22
Cheryl Ladd

Theresa
    $400 24
Up with People

Triple Stumper
    $500 11
Tolkien

Bill
    $500 6
the "Moonlight Sonata"

Theresa
    $500 20
a Scarlett O'Hara

Bill
    $500 30
(Alex: The astronaut was [*].)

James Irwin

Triple Stumper
    $500 23
Voyager

Kathy
    $500 25
a people mover

Bill

Scores at the first commercial break (after clue 15):

Kathy Bill Theresa
$200 $2,000 $1,300

Scores at the end of the Jeopardy! Round:

Kathy Bill Theresa
$1,100 $5,100 $2,200

Double Jeopardy! Round responses

SCIENCE & NATURE
JOHN CUSACK MOVIES
FAMOUS FRENCHMEN
SNEEZING
HONSHU
BLESS YOU
    $200 7
a platypus

Theresa
    $200 16
Con Air

Bill
    $200 1
[ERRATUM: [*] was dismissed as Secretary of State and removed from the court in 1617, but was not banished to Avignon until 1618.]

Richelieu

Theresa
    $200 6
Snow White (and the Seven Dwarfs)

Bill
    $200 26
(Kathy: What is Kyoto?)
(Theresa: What's Yokohama?)
...
(Alex: You guys are not going for the obvious. What is [*]?)

Tokyo

KathyTheresa
Triple Stumper
    $200 21
grace

Theresa
    $400 8
(Bill: What is nickel?)
(Kathy: What is iron?)

lead

KathyBillTheresa
    $400 17
Anastasia

Kathy
    $400 2
Descartes

Bill
    $400 12
pepper

Bill
    $400 27
Fuji

Theresa
    $400 22
Jacob

Theresa
    $600 9
cones

Bill
    $600 18
Midnight in the Garden of Good and Evil

Bill
    $600 3
Molière

Kathy
    $1,500 13
sunlight (light accepted)

Bill
    $600 23
the Beatitudes

Theresa
    $800 10
argon

Theresa
    $800 19
(Theresa: What is Three Men Out?)

Eight Men Out

BillTheresa
    $1,000 4
(Alex: The pendulum of [*], yes, and we thank the Science Museum of Virginia for allowing us the use of this device--that's in their museum.)

Foucault

Kathy
    $800 14
(Alex: And that young lady is one of America's--North America's--and the world's most popular singers today, [*].)

Celine Dion

Triple Stumper
    $800 24
Kaddish

Theresa
    $1000 11
light-emitting diode

Triple Stumper
    $1000 20
Grosse Pointe Blank

Bill
    $1000 5
(Theresa: Who is Truffaut?)

Jean-Luc Godard

Theresa
Triple Stumper
    $1000 15
snuff

Kathy
    $1000 25
(Theresa: What's prosperity?)

liberty

Theresa
Triple Stumper

Scores at the end of the Double Jeopardy! Round:

Kathy Bill Theresa
$3,500 $10,400 $3,200
(lock game)

[wagering suggestions for these scores]

Final Jeopardy! Round responses

WORLD BUSINESS
(Alex: What do they fix? The typewriters? The microwave? The coffee machine? Who knows? These contestants know, I bet.)
TheresaWhat is value of a pound £
$1,000
KathyWhat is the price of gold?
$3,000
BillWhat is the price of gold?
$2,000
the price of gold

Final scores:

Kathy Bill Theresa
$6,500 $12,400 $2,200
2nd place: a trip to the Bahamas Princess Resort & Casino New champion: $12,400 3rd place: a Jeep Electronics portable color TV/CD player/AM/FM radio

Game dynamics:

Coryat scores:

Kathy Bill Theresa
$3,300 $8,800 $3,200
8 R
(including 1 DD),
3 W
25 R
(including 2 DDs),
2 W
17 R,
4 W

Combined Coryat: $15,300

The J! Archive is created by fans, for fans. The Jeopardy! game show and all elements thereof, including but not limited to copyright and trademark thereto, are the property of Jeopardy Productions, Inc. and are protected under law. This website is not affiliated with, sponsored by, or operated by Jeopardy Productions, Inc. Join the discussion at JBoard.tv.